| 000 | 00783nam a22002657a 4500 | ||
|---|---|---|---|
| 003 | CHAP | ||
| 005 | 20220329143904.0 | ||
| 008 | 120618d 1985 r 00010 spa d | ||
| 010 | _a103301 | ||
| 011 | _a104273 | ||
| 035 | _a114963 | ||
| 040 | _cCHAP | ||
| 090 | _aFolleto 18254 | ||
| 245 | 0 | 0 |
_aSuelos : _bsección técnica |
| 260 |
_a[s.l] : _b[s.n], _c[1985?] |
||
| 300 |
_a[38] h. : _bilus., gráfs. |
||
| 590 |
_aBATCH-UPD _b10 _c20130110 _lUCH01 _h1524 |
||
| 590 |
_aCONVERSION _b10 _c20130109 _lUCH01 _h1357 |
||
| 650 | 1 | 4 |
_aPlantas _xElementos minerales. _988823 |
| 650 | 1 | 4 |
_aSuelos _xAzufre en. _9110213 |
| 650 | 1 | 4 |
_aSuelos _xElementos minerales. _9110356 |
| 901 | _aBK | ||
| 942 | _cFOLL | ||
| 949 |
_aFolleto 18254 _bBC _cFOLL _d33724002329545 _eTS1 _gFotocopias _i114963 _st |
||
| 999 |
_c103301 _d103301 |
||